The most beautiful gift / (Record no. 1352)

MARC details
000 -LEADER
fixed length control field 00908cam a2200289 a 4500
005 - DATE AND TIME OF LATEST TRANSACTION
control field 20260322212057.0
008 - FIXED-LENGTH DATA ELEMENTS--GENERAL INFORMATION
fixed length control field data
010 ## - LIBRARY OF CONGRESS CONTROL NUMBER
LC control number 96016137
020 ## - INTERNATIONAL STANDARD BOOK NUMBER
International Standard Book Number 0446520829
020 ## - INTERNATIONAL STANDARD BOOK NUMBER
International Standard Book Number 9780446520829
040 ## - CATALOGING SOURCE
Original cataloging agency DLC
Transcribing agency DLC
Modifying agency DLC
-- OCoLC
-- DLC
042 ## - AUTHENTICATION CODE
Authentication code lcac
050 00 - LIBRARY OF CONGRESS CALL NUMBER
Classification number PR9120.9.S65
Item number M6 1996
082 00 - DEWEY DECIMAL CLASSIFICATION NUMBER
Classification number Fic
-- Fic
Edition information 20
092 ## - LOCALLY ASSIGNED DEWEY CALL NUMBER (OCLC)
Classification number 823 S65 1996
001 - CONTROL NUMBER
control field data
100 1# - MAIN ENTRY--PERSONAL NAME
Personal name Snow, Jonathan.
245 14 - TITLE STATEMENT
Title The most beautiful gift /
Statement of responsibility, etc. Jonathan Snow.
260 ## - PUBLICATION, DISTRIBUTION, ETC.
Place of publication, distribution, etc. New York :
Name of publisher, distributor, etc. Warner Books,
Date of publication, distribution, etc. c1996.
300 ## - PHYSICAL DESCRIPTION
Extent 87 p. ;
Dimensions 19 cm.
520 ## - SUMMARY, ETC.
Summary, etc. Enraptured when he sees his first snowflake just before Christmas, Mark, a seven-year-old boy living in Italy, searches for just the right person to give the treasure he has saved.
650 #0 - SUBJECT ADDED ENTRY--TOPICAL TERM
Topical term or geographic name entry element Christmas stories.
650 #0 - SUBJECT ADDED ENTRY--TOPICAL TERM
Topical term or geographic name entry element Snowflakes
General subdivision Fiction.
650 #1 - SUBJECT ADDED ENTRY--TOPICAL TERM
Topical term or geographic name entry element Christmas
General subdivision Fiction.
650 #1 - SUBJECT ADDED ENTRY--TOPICAL TERM
Topical term or geographic name entry element Snow
General subdivision Fiction.
650 #1 - SUBJECT ADDED ENTRY--TOPICAL TERM
Topical term or geographic name entry element Grandfathers
General subdivision Fiction.
Holdings
Withdrawn status Lost status Damaged status Not for loan Home library Current library Shelving location Date acquired Total checkouts Full call number Barcode Date last seen Price effective from Koha item type
        Franklin Franklin General stacks 22/03/2026   823/.914 Fic 20 BC0011396 22/03/2026 22/03/2026 Books